000 00799nam a2200229Ia 4500
003 GCL
005 20240530102928.0
008 140319s9999 xx 000 0 ara d
040 _aGCL /
_cGCL
082 0 4 _a301.328
_bم هـ
110 _aمركز الدراسات العربية
245 1 0 _aهجرة الكفاءات العربية بحوث ومناقشات /
_cمركز الدرسات العربية
260 _aبيروت:
_bمركز دراسات الوحدة العربية ،
_c1982
300 _a415 ص؛
_c24 سم
650 0 4 _aالعالم العربى
650 0 4 _aالمهاجرون
650 0 4 _aالجوانب الاقتصادية
650 0 4 _aهجرة
650 0 4 _aالكفايات العلمية
700 1 _aانطوان زحلان
_eاشراف
942 _2ddc
_cBK
999 _c35431
_d35431